Nenne alle Lehrer der Keimgasse Mödling - Statistiken

Allgemein
  • Dieses Quiz wurde 24 mal gespielt
  • Das Durchschnittsergebnis liegt bei 25 aus 110
Antwortstatistiken
Teachers % Korrekt
Bernadette Pfeiffer
55%
Birgit Galla
55%
Jürgen Baumgartner
55%
Markus Pfeifer
55%
Silvia Krumpholz-Pichler
55%
Thomas Galla
55%
Tina Melamed
55%
Ulrich Ramharter
55%
Bernhard Zottele
45%
Charlotte Kostner
45%
Clemens Pichler
45%
Georg Bausch
45%
Günther Thomasser
45%
Ingomar Prack
45%
Jürgen Schiefer
45%
Lisa Groschner
45%
Peter Friebel
45%
Silke Lintner
45%
Alexander Krims
36%
Astrid Hofmann
36%
Birgit Friedrich
36%
Christian Wurzer
36%
Christoph Eisenhut
36%
Dagmar Wurzer
36%
Denise Zöchling
36%
Elda Rintelen
36%
Etienne Dupuy
36%
Eva Steiner
36%
Florian Kaiser
36%
Gertrud Krenn
36%
Heide Outschar
36%
Mario Hatakeyama
36%
Martin Wess
36%
Michael Päuerl
36%
Petra Martini
36%
Rebecca Schneider
36%
Sonja Geider
36%
Stefan Lirnberger
36%
Sylvia Wagendorfer
36%
Volker Drofenik
36%
Carina Lenotti
27%
Claus-Dieter Lippl
27%
Daniel Schwab
27%
Elisabeth Gneihs
27%
Karin Schimon
27%
Katrin Lang
27%
Lukas Grafinger
27%
Marcus Marzinger
27%
Markus Tobischek
27%
Nicolas Kerpen
27%
Nicole Berger
27%
Renate Weimann
27%
Robert Machovec
27%
Agnes Staar
18%
Karenz Annika Thür
18%
Christina Danis
18%
Gabriele Holzer
18%
Jakob Starzinger
18%
Karenz Jessica Savino
18%
Karin Grill
18%
Lukas Mastny
18%
Markus Auer
18%
Monika Heger
18%
Norbert Trummer
18%
Karenz Olivia Stiedl
18%
Peter Girsch
18%
Rahel Famler
18%
Sabina Balkan
18%
Stefan Heiss
18%
Tanja Faber
18%
Andrea Wagner
9%
Angelika Czaker
9%
Anna Ehrenreich
9%
Bernhard Martinak
9%
Christian Holzmann
9%
Claudia Schmidt
9%
Doris Reiser
9%
Elena Mandik
9%
Johannes Welzig
9%
Katharina Gross
9%
Margit Schwed
9%
Mario Geissl
9%
Martin Sampt
9%
Nadine Bereuter
9%
Nina Lüdke
9%
Sabina Grabner
9%
Sarah Lambing
9%
Alexandra Edlinger
0%
Andrea Kraushofer
0%
Bernhard Pertiller
0%
Bernhard Prunner
0%
Bettina Kögl
0%
Bianca Reitbauer
0%
Carina Kopper-Zisser
0%
Karenz Daphne Kittinger-Urbanek
0%
Elisabeth Ruckenthaler
0%
Eva Hanzl
0%
Florian Payer
0%
Jonas Gradinger
0%
Katherina Grohmann
0%
Karenz Luisa Skalicky
0%
Marie Higatzberger
0%
Marion Pfeiferr
0%
Michaela Summer
0%
Peter Karanitsch
0%
Karenz Sandra Hillebrand-Hendler
0%
Sarah Scharf
0%
Ursula Malota
0%
Veronika Glaser
0%
Victoria Pojar
0%
Keine übereinstimmenden Quizze gefunden
Verteilung der Resultate
Anzahl Personen mit jedem Resultat
Perzentil nach korrekt beantworteten Fragen
Ihre Resultats-Entwicklung
Sie haben dieses Quiz noch nicht gespielt